El ingenioso hidalgo Don Quijote de La Mancha / (Record no. 176226)

MARC details
000 -LEADER
campo de control de longitud fija 00852nam a22002295i 4500
001 - NÚMERO DE CONTROL
campo de control 176226
003 - IDENTIFICADOR DE NÚMERO DE CONTROL
campo de control ES-MaACL
005 - FECHA Y HORA DE LA ÚLTIMA TRANSACCIÓN
campo de control 20251120142812.0
008 - DATOS DE LONGITUD FIJA--INFORMACIÓN GENERAL
campo de control de longitud fija 101227s1956 sp |||| | spa d
080 ## - NÚMERO DE LA CLASIFICACIÓN DECIMAL UNIVERSAL
Número de la Clasificación Decimal Universal 821.134.2-31"15"
100 1# - ENTRADA PRINCIPAL--NOMBRE DE PERSONA
Nombre de persona Cervantes Saavedra, Miguel de,
Fechas asociadas al nombre 1547-1616
9 (RLIN) 226514
240 10 - TÍTULO UNIFORME
Título uniforme Don Quijote de la Mancha
245 13 - MENCIÓN DEL TÍTULO
Título El ingenioso hidalgo Don Quijote de La Mancha /
Mención de responsabilidad, etc. Cervantes ; edición y notas de Francisco Rodríguez Marín.
250 ## - MENCION DE EDICION
Mención de edición 6ª ed.
260 ## - PUBLICACIÓN, DISTRIBUCIÓN, ETC.
Lugar de publicación, distribución, etc. Madrid :
Nombre del editor, distribuidor, etc. Espasa-Calpe,
Fecha de publicación, distribución, etc. 1956.
300 ## - DESCRIPCIÓN FÍSICA
Extensión 4 v. ;
Dimensiones 20 cm.
490 1# - MENCIÓN DE SERIE
Mención de serie Clásicos castellanos ;
Designación de volumen o secuencia 6, 8, 10, 19
700 1# - ENTRADA AGREGADA--NOMBRE PERSONAL
Nombre de persona Rodríguez Marín, Francisco,
Fechas asociadas al nombre 1855-1943
9 (RLIN) 98634
830 10 - PUNTO DE ACCESO ADICIONAL DE SERIE-TÍTULO UNIFORME
Título uniforme Clásicos castellanos (Espasa-Calpe)
Designación de volumen o secuencia 6, 8, 10, 19
9 (RLIN) 183802
852 ## - LOCALIZACIÓN
Ubicación ES-MaACL
Número de control de estantería E-13896-99
Nota libre (Faltan v. 4, 13, 16, 22)
Holdings
Estatus retirado Estado de pérdida Estado de daño No para préstamo Biblioteca de origen Biblioteca actual Ubicación en estantería Fecha de adquisición Fuente de adquisición Total de préstamos Signatura topográfica completa Código de barras Visto por última vez Precio de reemplazo Tipo de ítem Koha
        Biblioteca del Ateneo de Madrid Biblioteca del Ateneo de Madrid Depósito 2 27/12/2010     E-13896-99 1185077 23/02/2023 23/02/2023 Libro impreso